Mahamanthra gayathri ka baudhik upayog/ (Record no. 26732)

000 -LEADER
fixed length control field 00383nam a22001451a 4500
082 ## - DEWEY DECIMAL CLASSIFICATION NUMBER
Classification number S 294.59218
Item number MOH/M
100 ## - MAIN ENTRY--AUTHOR NAME
Personal name Mohammed Haneef Ghan Sastri
245 ## - TITLE STATEMENT
Title Mahamanthra gayathri ka baudhik upayog/
Statement of responsibility, etc by Mohammed Haneef Ghan Sastri
260 ## - PUBLICATION, DISTRIBUTION, ETC. (IMPRINT)
Place of publication New Delhi:
Name of publisher Saistha,
Year of publication 2002.
300 ## - PHYSICAL DESCRIPTION
Number of Pages 243p.
650 ## - SUBJECT ADDED ENTRY--TOPICAL TERM
Topical Term Upanishad
650 ## - SUBJECT ADDED ENTRY--TOPICAL TERM
Topical Term Hinduism
650 ## - SUBJECT ADDED ENTRY--TOPICAL TERM
Topical Term Religion
942 ## - ADDED ENTRY ELEMENTS (KOHA)
Koha item type Book
Holdings
Withdrawn status Lost status Damaged status Not for loan Permanent Location Current Location Date acquired Cost, normal purchase price Full call number Accession Number Cost, replacement price Price effective from Koha item type
        Sree Sankaracharya University of Sanskrit Sree Sankaracharya University of Sanskrit 08.01.2015 77.00 S 294.59218 MOH/M 046649 0.00 08.01.2015 Book